Efektívne vedenie tímov v podniku bakalárska práca

Na minha lista:
Detalhes bibliográficos
Autor principal: Madudová, Monika
Autor Corporativo: Fakulta podnikového manažmentu EU. Katedra manažmentu
Outros Autores: Papulová, Emília
Formato: Livro
Idioma:eslovaco
Publicado em: Bratislava 2015
Tags: Adicionar Tag
Sem tags, seja o primeiro a adicionar uma tag!

MARC

LEADER 00000nbm a2200000 4500
001 0202856
005 20161212101638.1
041 0 |a slo 
044 |a SK 
245 1 0 |a Efektívne vedenie tímov v podniku  |b bakalárska práca  |c Monika Madudová ; školiteľ: Emília Papulová 
264 1 |a Bratislava  |c 2015 
300 |a 73 s. 
100 1 |a Madudová, Monika 
700 1 |a Papulová, Emília 
710 2 |a Fakulta podnikového manažmentu EU. Katedra manažmentu